Personnage d'anime de A-Z - Statistiques

Statistiques générales
  • Ce quiz a été pris 38 fois
  • Le résultat moyen est 6 sur 26
Statistiques - réponses
Lettre Questions Réponse % Correct
A Fille d'un espion et d'un assassin Anya Forger
66%
D Chasseur de démon expert de la tronçonneuse Denji
66%
N Ninja fan de ramen Naruto Uzumaki
66%
E Alchimiste manchot Edward Elric
55%
S Il n'a besoin que d'un seul coup de poing Saitama
52%
P Animal électrique au cri emblématique Pikachu
41%
G Enfant chasseur de fourmi chimère Gon Freecss
34%
Z Sabreur borgne et alcoolique Zoro Roronoa
34%
M Roi des démons ( frère caché de Michael Jackson ) Muzan Kibutsuji
31%
B Fils de l'homme le plus fort du monde Baki Hanma
28%
V Prince extraterrestre et éternel numéro 2 Vegeta
28%
C Détective en culotte courte Conan Edogawa
24%
J Utilisateur du Star Platinium Jotaro Kujo
24%
L Détective symbole des HPI antisocial L Lawliet
14%
U Jeune waifu manipulant la gravité Uraraka Ochaco
14%
Y Roi des jeux de cartes Yugi Muto
14%
W Chasseuse de dragon de vent Loli Wendy Marvell
10%
R Mage réincarné, NEET et polygame Rudeus Greyrat
7%
T Chef culinaire italien et éternel rival Takumi Aldini
7%
F Mercenaire aveugle surnommé le mammouth Falcon Umibozu
3%
K Le survivant héritier des plus grands maitres chinois Kenshiro
3%
X Flamme de la colère, fils du neuvième parrain Xanxus
3%
H Majordome endetté au trait androgyne Hayate Ayasaki
0%
I Dragon démoniaque et pervers Issei Hyoudou
0%
O Professeur fumeur et ancien chef de gang Onizuka Eikishi
0%
Q Faucheur membre de la STRQ Qrow Branwen
0%
Aucun quiz correspondant
Distribution des résultats
% des personnes avec chaque résultat
Percentile par nombre de réponses
Votre historique - résultats
Vous n’avez pas pris ce quiz